Normal view MARC view

Entry Topical Term

Number of records used in: 1

001 - CONTROL NUMBER

  • control field: 38232

003 - CONTROL NUMBER IDENTIFIER

  • control field: OSt

005 - DATE AND TIME OF LATEST TRANSACTION

  • control field: 20230515120838.0

008 - FIXED-LENGTH DATA ELEMENTS

  • fixed length control field: 230515|| aca||aabn | a|a d

040 ## - CATALOGING SOURCE

  • Original cataloging agency: OSt
  • Transcribing agency: OSt

150 ## - HEADING--TOPICAL TERM

  • Topical term or geographic name entry element: Gandhian circle, moral consideration, French revolutionary legacy, weight of small things, reconstruction.

670 ## - SOURCE DATA FOUND

  • Source citation: Work cat.: (OSt)521972: Fernee, Tadd Graham 38231, The Gandhian circle of moral consideration: The French revolutionary legacy reconstructed though the “weight of small things’

Powered by Koha